Statistics for Truck Exports by Country 2020

Click here to take the quiz!

General Stats

  • This quiz has been taken 23 times
  • The average score is 10 of 15

Answer Stats

RankAmount of Money (in dollars)% of Exported TrucksCountry% Correct
2$17.1 billion12.4%United States
96%
14$3.54 billion2.6%China
83%
5$8.1 billion5.9%France
83%
3$10.9 billion8%Germany
83%
10$4.7 billion3.4%Canada
78%
8$5 billion3.6%Italy
78%
4$8.5 billion6.1%Japan
74%
1$26.1 billion19%Mexico
74%
13$3.95 billion2.9%Poland
70%
7$5.9 billion4.3%Spain
70%
11$4.4 billion3.2%Netherlands
52%
9$4.9 billion3.5%Turkey
52%
12$3.99 billion2.9%Argentina
43%
6$7.5 billion5.5%Thailand
39%
15$3.53 billion2.6%South Africa
35%

Score Distribution

Percentile by Number Answered

Percent of People with Each Score

Your Score History

You have not taken this quiz